000 00475nam a22001457a 4500
008 150907b xxu||||| |||| 00| 0 eng d
020 _a0917657918
050 _aHB 615 .J66 1987
100 _aJones, Thomas F
_d1987
245 _aEntrepreneurism/
_bThe mythical, The True and the New
_cThomas F Jones
260 _aNew York.:
_bDonald I Fine .
_c1987
300 _a312p.:ill
_bIncludes index
700 _aT.P Elsaesser
942 _2lcc
_cBOOKS
_hHB 615 .J66 1987
999 _c5032
_d5032